ბათუმის შოთა რუსთაველის სახელმწიფო უნივერსიტეტის ბიბლიოთეკა

ტრიუმფით მსოფლიოს გზებზე : (ბიბ.ჩანაწერი № 59259)

000 -ლიდერი
ფიქსირებული სიგრძის საკონტროლო ველი 01304nam a22001937a 4500
003 - საკონტროლო ნომრის იდენტიფიკატორი
საკონტროლო ველი Ge_BSU
005 - ბოლო ოპერაციის თარიღი და დრო
საკონტროლო ველი 20221226110312.0
008 - ფიქსირებული სიგრძის მონაცემთა ელემენტები - ზოგადი ინფორმაცია
ფიქსირებული სიგრძის საკონტროლო ველი 221226s1971ge xxu||||| |||| 00| 0 geo d
041 ## - ენის კოდი
Language code of text/sound track or separate title geo
080 ## - უნივერსალური ათობითი კლასიფიკაციის ინდექსი
Universal Decimal Classification number 784.4.087.68(479.22) კ-33
100 ## - მთავარი ჩანაწერი - პიროვნების სახელი
Personal name კასრაძე, ქართლოს, ავტორი.
9 (RLIN) 16573
245 ## - ცნობა სათაურის შესახებ
Title ტრიუმფით მსოფლიოს გზებზე :
Remainder of title ნ. რამიშვილისა და ი. სუხიშვილის სიმღერისა და ცეკვის სახელმწ. ანსამბლის გასტროლები /
Statement of responsibility, etc ქართლოს კასრაძე ; გ. ნატროშვილის რედაქციითა და წინასიტყვაობით ; მხატვარი თ. სამსონაძე.
264 ## - წარმოების, გამოცემის, დისტრიბუციის და სხვა ცნობები
გამოცემის, წარმოების, დისტრიბუციის... ადგილი თბილისი :
გამოცემის, წარმოების, დისტრიბუციის... სახელწოდება ხელოვნება,
გამოცემის, წარმოების, დისტრიბუციის... თარიღი 1971.
300 ## - ფიზიკური აღწერა
Extent 480 გვ. :
Other physical details 78 ფ. ილ. ;
Dimensions 22 სმ.
653 ## - INDEX TERM--UNCONTROLLED
Uncontrolled term ქართული სიმღერისა და ცეკვის ანსამბლები.
700 ## - ADDED ENTRY--PERSONAL NAME
Personal name ნატროშვილი, გ
Relator term რედაქტორი
9 (RLIN) 16574
700 ## - ADDED ENTRY--PERSONAL NAME
Personal name სამსონაძე, თ
Relator term მხატვარი
9 (RLIN) 4788
942 ## - ADDED ENTRY ELEMENTS (KOHA)
Source of classification or shelving scheme
Koha item type წიგნი
ეგზემპლარები
ჩამოწერის სტატუსი დაკარგული ეგზემპლარის სტატუსი კლასიფიკაციის წყარო ან თაროზე გაწყობის სქემა დაზიანების სტატუსი არ გაიცემა მუდმივი მდებარეობა (დაცვის ადგილი) ამჟამინდელი ადგილსამყოფელი თაროზე განთავსების ადგილი შეძენის თარიღი ღირებულება, შესყიდვის ნორმალური ფასი სრული შენახვის შიფრი შტრიხკოდი ბოლო ოპერაციის თარიღი ეგზემპლარის მიმდევრობითი ნომერი (კეტერი?) ფასის ძალაში შესვლის თარიღი ეგზემპლარის სახეობა საჯარო შენიშვნა
          ბათუმის შოთა რუსთაველის სახელმწიფო უნივერსიტეტის მთავარი ბიბლიოთეკა ბათუმის შოთა რუსთაველის სახელმწიფო უნივერსიტეტის მთავარი ბიბლიოთეკა წიგნსაცავი 2022-12-26 8.00 784.4.087.68(479.22) კ-33 63389 2022-12-26 63389 2022-12-26 წიგნი 8.00